000 02439cam a2200301 4500500
005 20260322004109.0
041 _afre
042 _adc
100 1 0 _aSwinnen, Laure-Hélène
_eauthor
245 0 0 _aLe Festival d’Avignon pendant la pandémie : communiquer pour exister
260 _c2026.
500 _a44
520 _aLa crise sanitaire de 2020 et les restrictions qui l’ont accompagnée ont constitué une épreuve singulière pour le Festival d’Avignon, pourtant habitué aux turbulences depuis sa création en 1947. Face à l’arrêt brutal de son activité, l’institution a adopté une stratégie de communication et d’adaptation progressive dans laquelle le numérique est devenu un espace d’expérimentation, de mémoire et de dialogue. Les réseaux sociaux ont permis de préserver la visibilité et l’identité, de maintenir le lien avec les parties prenantes et de poursuivre les missions de transmission, tout en révélant leurs limites. Cette étude éclaire ainsi les défis contemporains de la communication culturelle en temps de crise et les enseignements à en tirer pour penser l’avenir.
520 _a‪The health crisis of 2020 and the accompanying restrictions posed a unique challenge for the Festival d’Avignon, which has nonetheless been accustomed to turbulence since its founding in 1947. Faced with the abrupt halt of its activities, the institution adopted a strategy of progressive communication and adaptation, in which digital tools became a space for experimentation, memory, and dialogue. Social media helped preserve visibility and identity, maintain connections with stakeholders, and continue its missions of cultural transmisson, while also revealing their limitations. This study thus sheds light on the contemporary challenges of cultural communication in times of crisis and the lessons to be learned for thinking about the future.‪
690 _acommunication
690 _acrise
690 _afestival
690 _anumérique
690 _aréseaux sociaux
690 _aspectacle vivant
690 _acommunication
690 _acrisis
690 _adigital technology
690 _afestival
690 _aperforming arts
786 0 _nCommunication & Organisation | - | 2 | 2026-03-18 | p. 119-137 | 1168-5549
856 4 1 _uhttps://shs.cairn.info/revue-communication-et-organisation-2025-2-page-119?lang=fr&redirect-ssocas=7080
999 _c1737357
_d1737357